Mathematics for economists : (Record no. 18511)
[ view plain ]
| 000 -LEADER | |
|---|---|
| fixed length control field | 00709nam a22002412 4500 |
| 001 - CONTROL NUMBER | |
| control field | 0000001282 |
| 003 - CONTROL NUMBER IDENTIFIER | |
| control field | OSt |
| 005 - DATE AND TIME OF LATEST TRANSACTION | |
| control field | 20200921100112.0 |
| 008 - FIXED-LENGTH DATA ELEMENTS--GENERAL INFORMATION | |
| fixed length control field | 070228s xx 000 0 eng d |
| 020 ## - INTERNATIONAL STANDARD BOOK NUMBER | |
| International Standard Book Number | 1784991487 |
| 040 ## - CATALOGING SOURCE | |
| Original cataloging agency | KABU |
| Transcribing agency | KABU |
| 050 #0 - LIBRARY OF CONGRESS CALL NUMBER | |
| Classification number | HB135 |
| Item number | .P46 2016 c.1 |
| 100 1# - MAIN ENTRY--PERSONAL NAME | |
| Personal name | Pemberton, Malcolm. |
| 245 10 - TITLE STATEMENT | |
| Title | Mathematics for economists : |
| Remainder of title | an introductory textbook / |
| Statement of responsibility, etc. | Malcolm Pemberton and Nicholas Rau. |
| 250 ## - EDITION STATEMENT | |
| Edition statement | 4th ed. |
| 260 ## - PUBLICATION, DISTRIBUTION, ETC. (IMPRINT) | |
| Place of publication, distribution, etc. | New York : |
| Name of publisher, distributor, etc. | Manchester University Press, |
| Date of publication, distribution, etc. | 2016 |
| 300 ## - PHYSICAL DESCRIPTION | |
| Extent | xviii, 757p. |
| 650 #0 - SUBJECT ADDED ENTRY--TOPICAL TERM | |
| Topical term or geographic name as entry element | Economics, Mathematical. |
| 700 1# - ADDED ENTRY--PERSONAL NAME | |
| Personal name | Rau, Nicholas. |
| 908 ## - PUT COMMAND PARAMETER (RLIN) | |
| Put command parameter | 070228 |
| 942 ## - ADDED ENTRY ELEMENTS (KOHA) | |
| Source of classification or shelving scheme | Library of Congress Classification |
| Koha item type | General Collection |
| Withdrawn status | Lost status | Source of classification or shelving scheme | Not for loan | Home library | Current library | Date acquired | Cost, normal purchase price | Total Checkouts | Full call number | Barcode | Date last seen | Date last checked out | Price effective from | Koha item type |
|---|---|---|---|---|---|---|---|---|---|---|---|---|---|---|
| Library of Congress Classification | Kabarak, Main Campus | Kabarak, Main Campus | 21/09/2020 | 4854.00 | 2 | HB135 .P46 2016 c.1 | 030484 | 02/08/2024 | 23/09/2022 | 21/09/2020 | General Collection | |||
| Library of Congress Classification | Kabarak, Main Campus | Kabarak, Main Campus | 21/09/2020 | 4854.00 | 3 | HB135 .P46 2016 c.2 | 030485 | 02/08/2024 | 22/10/2021 | 21/09/2020 | General Collection | |||
| Library of Congress Classification | Kabarak, Nakuru City Campus | Kabarak, Nakuru City Campus | 21/09/2020 | 4854.00 | HB135 .P46 2016 c.1 | 030486 | 21/09/2020 | 21/09/2020 | General Collection |